Simple steps to leadership excellence.
| Main Author: | |
|---|---|
| Format: | Book |
| Published: |
Kuala Lumpur:
Heera Training and management Consultancy,
2010.
|
| Subjects: |
| LEADER | 00454cam a2200157 7i4500 | ||
|---|---|---|---|
| 001 | 0000025079 | ||
| 005 | 20101108090000.0 | ||
| 020 | 0 | 0 | |a 978-983-44904-0-9 |
| 090 | 0 | 0 | |a B 158 |b SIN |
| 100 | 1 | 0 | |a Singh |
| 245 | 1 | 0 | |a Simple steps to leadership excellence. |
| 260 | 0 | 0 | |a Kuala Lumpur: |b Heera Training and management Consultancy, |c 2010. |
| 300 | # | # | |a 119 p. |
| 650 | 0 | 0 | |a Leadership |
| 650 | 0 | 0 | |a Qualing of life |
| 999 | |a B000027763 |b Book |c Book |e Business Information Centre | ||


